000 00614cam a22002053a 4500
001 41762
003 PGUSA
005 20140828083937.0
008 130102s2013||||xxu|||||s|||||000 | eng d
040 _aPGUSA
_beng
042 _adc
100 1 _aStauffer, Frank H.
245 1 4 _aThe Queer, the Quaint and the Quizzical :
_bA Cabinet for the Curious
_h[electronic resource] /
_cFrank H. Stauffer
260 _bProject Gutenberg,
_c2013
506 _aPublic domain in the USA.
516 _aElectronic text
830 0 _aProject Gutenberg
_v41762
856 4 0 _uhttp://www.gutenberg.org/ebooks/41762
942 _cEB
999 _c271014
_d271014